Responses for Show #7518 - Wednesday, April 26, 2017

Alan Lin game 3.

Contestants

[<< previous game]

Samm Chiszar, a public defender from Brooklyn, New York

Chelan Allen, a home and family manager from Portland, Oregon

Alan Lin, a software engineer from Santa Barbara, California (whose 2-day cash winnings total $36,000)

[next game >>]

Jeopardy! Round responses

FABULOUS FLORIDA
ABBREV-"E"-ATIONS
AMERICAN HISTORY
COMPOUND WORDS
LOCKER ROOM TALK
ROCK BAND IDIOMS
(Alex: We want you to complete the rock band idiom by naming the band whose members are listed.)
    $200 16
the Everglades

Chelan
    $200 29
[The end-of-round signal sounds.]

ear, nose and throat

Alan
    $200 6
Alaska

Alan
    $200 8
terry

Chelan
    $200 1
Queen

Alan
    $400 17
Cape Canaveral

Samm
    $400 15
extrasensory perception

Chelan
    $400 11
[ERRATUM: "Musselshell" was misspelled in the clue as shown.]

Sacagawea

Alan
    $400 21
(Samm: What is self-publishing?)

desktop publishing

Samm
Triple Stumper
    $400 7
(Samm: What is Sure?)

Secret

Samm
Triple Stumper
    $400 2
No Doubt

Alan
    $600 18
Coconut Grove

Chelan
    $600 28
Earth, Wind & Fire

Chelan
    $600 12
(George) Marshall

Alan
    $600 22
(Chelan: What is a skybox?)

grandstand

Chelan
Triple Stumper
    $600 9
a loofah

Chelan
    $600 3
(Chelan: What's Men at Work?)

The Kinks

Chelan
Triple Stumper
    $800 19
St. Augustine

Alan
    $800 23
electromagnetic

Chelan
    $800 13
Dred Scott

Chelan
    $2,000 25
carpetbaggers

Alan
    $800 10
wax

Samm
    $800 4
The Band

Alan
    $1000 20
Pensacola

Samm
    $1000 27
(Samm: What is the Eastern Theater?)

the European (Theater of Operations)

ChelanSamm
    $1000 14
Manifest Destiny

Alan
    $1000 26
a turnbuckle

Triple Stumper
    $1000 24
conditioner

Alan
    $1000 5
Rush

Chelan

Scores at the first commercial break (after clue 15):

Alan Chelan Samm
$3,600 $2,400 $400

Scores at the end of the Jeopardy! Round:

Alan Chelan Samm
$7,600 $5,000 $400

Double Jeopardy! Round responses

WAR MOVIES
WOMEN OF THE WORLD
DOUBLE T IN THE MIDDLE
NOVEL COUNTRIES
THE OWL
DEBUSSY CAT
    $400 19
Gettysburg

Samm
    $400 17
Monaco

Samm
    $400 28
the latter

Alan
    $400 4
Australia

Chelan
    $400 9
Hooters

Chelan
    $400 30
the sea

Chelan
    $800 27
Gallipoli

Samm
    $800 2
Mary Leakey

Alan
    $800 25
(Alex: With less than a minute.)

flattery

Chelan
    $800 5
Germany

Chelan
    $800 10
the land

Chelan
    $800 29
Impressionism

Alan
    $1200 26
Hacksaw Ridge

Chelan
    $1200 1
Golda Meir

Samm
    $1200 14
mutton

Alan
    $1200 6
(Chelan: What is Brazil?)

Argentina

AlanChelan
    $1200 11
a rattlesnake

Alan
    $4,000 24
(Alex: Samm?)
(Samm: I have no idea.)

ragtime

Samm
    $1600 21
Thermopylae

Alan
    $1600 3
Guatemala

Triple Stumper
    $1600 15
(Alan: What is mettle?)
(Samm: What is fiddle?)

fettle

AlanChelanSamm
    $1600 7
Mexico

Alan
    $4,000 12
Rice

Alan
    $1600 23
a metronome

Samm
    $2000 20
Beau Geste

Triple Stumper
    $2000 18
Maria Callas

Chelan
    $2000 16
skittish

Chelan
    $2000 8
Botswana

Alan
    $2000 13
a barn owl

Samm
    $2000 22
Prelude to the Afternoon of a Faun

Alan

Scores at the end of the Double Jeopardy! Round:

Alan Chelan Samm
$22,800 $14,200 $1,200

[wagering suggestions for these scores]

Final Jeopardy! Round responses

HISTORIC HOMES
(Alex: [Referring to Alan] He picked the city that became our capital in 1790.)
SammWhat is New York?
$1,199
ChelanWhat is New York City?
$4,000
AlanWhat is Philadelphia
$6,000
Philadelphia

Final scores:

Alan Chelan Samm
$28,800 $10,200 $1
3-day champion: $64,800 2nd place: $2,000 3rd place: $1,000

Game dynamics:

Coryat scores:

Alan Chelan Samm
$19,200 $14,200 $5,200
22 R
(including 2 DDs),
1 W
20 R,
3 W
9 R,
5 W
(including 1 DD)

Combined Coryat: $38,600

[game clues] [game scores] [suggest correction]

Game tape date: Unknown
The J! Archive is created by fans, for fans. Scraping, republication, monetization, and malicious use prohibited; this site may use cookies and collect identifying information. See terms. The Jeopardy! game show and all elements thereof, including but not limited to copyright and trademark thereto, are the property of Jeopardy Productions, Inc. and are protected under law. This website is not affiliated with, sponsored by, or operated by Jeopardy Productions, Inc. Join the discussion at JBoard.tv.